000 00603nam a2200229 a 4500
999 _c873
_d873
001 873
003 BD-JhCC
005 20220608134021.0
008 171010s2015 b ||||| |||| 00| 0 b d
020 _a8170663016
035 _a(BD-JhCC)873
040 _aBD-JhCC
_dBD-JhCC
041 _aben
082 _223
_a891.443
_bBAS 2015
100 _aবাশার, আবুল
245 _aফুলবউ /
_cআবুল বাশার
260 _aঢাকা ,
_bআনন্দ ,
_c২০১৫
300 _a212p. :
_c18cm.
650 _aBangali Novel
942 _2ddc
_cBK
_02